00264nam a2200121Ia 45000030006000000080041000060400015000471000019000622450023000812600009001045460012001130050017001250STCL150530s9999 xx 000 0 und d aSTCLcSTCL aPearl Buck, S. aLetter from peking c1990 aEnglish20220125171041.0